Statistiques concernant Likes and dislikes

Cliquez ici pour prendre le quiz!

Statistiques générales

  • Ce quiz a été pris 6 fois
  • Le résultat moyen est 4 sur 10

Statistiques - réponses

QuestionRéponse% Correct
Il préfère jouer de la batterie.He prefers playing the drums.
83%
J'aime lire des livres sur mon téléphone.I enjoy reading books on my phone.
67%
Quel est son passe-temps préféré?What's his favourite passtime?
67%
Elle aime aussi faire du sport.She also likes practising sports.
50%
Ca lui est égal de jardiner.He doesn't mind gardening.
33%
Je déteste faire mes devoirs.I can't bear doing my homework.
33%
J'aime danser, mais ma soeur préfère chanter.I enjoy dancing, but my sister prefers singing.
33%
Est-ce que ton frère aime jouer aux jeux vidéo?Does your brother like playing video games?
17%
Est-ce qu'ils jouent au rugby dans un club?Do they play rugby in a club?
0%
Mes parents adorent les animaux.My parents love animals.
0%

Distribution des résultats

Percentile par nombre de réponses

% des personnes avec chaque résultat

Votre développement - résultats

Vous n’avez pas pris ce quiz